| 000 | 01622nam a2200289 a 4500 | ||
|---|---|---|---|
| 001 | 79118 | ||
| 003 | BD-RjUL | ||
| 005 | 20220105123549.0 | ||
| 008 | 160725s1918 ii 000 0 per d | ||
| 035 | _a(BD-RjUL)79118 | ||
| 040 |
_aHAI _cBD-RjUL _beng |
||
| 041 | 0 | _aper | |
| 082 |
_223 _a016.091297 _bKHF V-1 1918 |
||
| 090 | _bH34 1918 | ||
| 110 | 2 |
_aKhoda Bakhsh Oriental Public Library ;; خدا بخش أوريينتال پابليك لايبريري _9506 |
|
| 245 | 1 | 0 |
_aفهرست دستي كتب قلمي لابريري موقوفه خان بهادر خدا بخش... مسمى به مفتاح الكنوز الخفية ;; faharasat disti katab qalami labriri mawqufah khan bihadir khada bikhash... musamaa bih miftah alkunuz alkhafia _cمرتبه مولوي عبد الحميد ؛ مصدقه دينيسن راس ؛ زير نگراني مولوي ابو الحسن خان. ;; muratabah mulawi eabd alhamid ; musadiquh dinisin ras ; zir nagrani mulawi abu alhasan khan. |
| 246 | 3 | 3 | _amiftah alkunuz alkhafia ;; مفتاح الكنوز الخفية |
| 260 |
_aپتنه : _bصاددقپور پريس، _c١٩١٨-١٩٢٥. |
||
| 300 |
_av. ; _c٣٤ س. |
||
| 500 | _aرتب الجزء الثالت سيد أطهر شير | ||
| 650 | 4 |
_aManuscripts, Arabic _zIndia _zPatna _vCatalogs _9507 |
|
| 650 | 4 |
_aManuscripts, Persian _zIndia _zPatna _vCatalogs _9508 |
|
| 700 | 1 |
_aAbdul Hamid, Molowi ;; عبد الحميد، مولوي _9509 |
|
| 700 | 1 |
_aSher, Syed Athar ;; شير، سيد أطهر _9510 |
|
| 700 | 1 |
_aروس، أدوارد دينيسون، ;; Ross, Edward Denison, _d1871-1940 _9511 |
|
| 942 |
_2ddc _cBK |
||
| 999 |
_c79118 _d79118 |
||